00300nam a2200133Ia 45000030006000000080041000060400015000471000030000622450026000922500010001182600009001285460012001370050017001490STCL150530s9999 xx 000 0 und d aSTCLcSTCL aDalela, R.C.; Verma, S.R. aText book of genetics aSixth c1978 aEnglish20220125170446.0